[Event "Bundesliga 9596"]
[Site "Deutschland"]
[Date "1995.??.??"]
[Round "?.8"]
[White "Sukharisingh, Ralf"]
[Black "Hermesmann, Hans"]
[Result "1-0"]
[WhiteElo "2305"]
[BlackElo "2275"]
[PlyCount "83"]
[EventDate "1995.10.??"]
[EventType "team"]
[EventRounds "15"]
[EventCountry "GER"]
[SourceTitle "Bundesliga 9596"]
[Source "DeepChess"]
[SourceDate "2005.01.01"]
[SourceVersion "1"]
[SourceVersionDate "2005.01.01"]
[SourceQuality "1"]
[WhiteTeam "PSV/BSV Wuppertal 1921 e.V."]
[BlackTeam "SV Castrop Rauxel 1923"]
[WhiteTeamCountry "GER"]
[BlackTeamCountry "GER"]

1. d4 Nf6 2. Nf3 g6 3. c4 Bg7 4. Nc3 O-O 5. e4 d6 6. Be2 e5 7. d5 a5 8. O-O Na6
9. Bg5 h6 10. Bh4 Bd7 11. Nd2 Qb8 12. Rb1 Nh7 13. b3 h5 14. f3 Bh6 15. a3 Nc5
16. Qc2 f5 17. b4 axb4 18. axb4 Na4 19. Bf2 Nxc3 20. Qxc3 Nf6 21. Bd3 c6 22.
dxc6 bxc6 23. Ra1 Qc7 24. Ra5 Bg7 25. Rfa1 Rab8 26. Ra7 Qc8 27. Qb3 Be6 28.
R1a4 Re8 29. Qc2 d5 30. cxd5 cxd5 31. Rc7 Qd8 32. Raa7 Bd7 33. exf5 Rxb4 34.
Bh4 Rxh4 35. fxg6 Rb4 36. Bf5 Bh6 37. Bxd7 Be3+ 38. Kf1 Bxa7 39. Bxe8 Nxe8 40.
Rxa7 Qf6 41. Ra8 Kf8 42. Qc5+ 1-0

[Event "Bundesliga 9596"]
[Site "Deutschland"]
[Date "1996.??.??"]
[Round "?.1"]
[White "Schebler, Gerhard"]
[Black "Shirov, Alexei"]
[Result "1/2-1/2"]
[WhiteElo "2420"]
[BlackElo "2690"]
[PlyCount "73"]
[EventDate "1995.10.??"]
[EventType "team"]
[EventRounds "15"]
[EventCountry "GER"]
[SourceTitle "Bundesliga 9596"]
[Source "DeepChess"]
[SourceDate "2005.01.01"]
[SourceVersion "1"]
[SourceVersionDate "2005.01.01"]
[SourceQuality "1"]
[WhiteTeam "PSV/BSV Wuppertal 1921 e.V."]
[BlackTeam "SV Empor Berlin e.V."]
[WhiteTeamCountry "GER"]
[BlackTeamCountry "GER"]

1. d4 Nf6 2. Nf3 g6 3. c4 Bg7 4. Nc3 O-O 5. e4 d6 6. Be2 e5 7. dxe5 dxe5 8.
Qxd8 Rxd8 9. Bg5 Rf8 10. Nd5 Nxd5 11. cxd5 c6 12. Bc4 b5 13. Bb3 Bb7 14. Rc1 a5
15. a3 a4 16. Ba2 Rc8 17. Be3 b4 18. axb4 a3 19. bxa3 Rxa3 20. dxc6 Nxc6 21.
Bd5 Nxb4 22. Bxb7 Rxe3+ 23. Kd2 Rd3+ 24. Ke2 Rcd8 25. Bd5 Ra3 26. Rhd1 Nxd5 27.
Rxd5 Ra2+ 28. Ke1 Rb8 29. Rd2 Ra4 30. Re2 Rbb4 31. Kf1 Bh6 32. Rce1 f6 33. g3
Kf7 34. Kg2 Ke6 35. h4 Rc4 36. Nh2 Bf8 37. Nf3 1/2-1/2

[Event "Bundesliga 9596"]
[Site "Deutschland"]
[Date "1996.??.??"]
[Round "?.2"]
[White "Lobron, Eric"]
[Black "Hausrath, Daniel"]
[Result "0-1"]
[WhiteElo "2590"]
[BlackElo "2390"]
[PlyCount "78"]
[EventDate "1995.10.??"]
[EventType "team"]
[EventRounds "15"]
[EventCountry "GER"]
[SourceTitle "Bundesliga 9596"]
[Source "DeepChess"]
[SourceDate "2005.01.01"]
[SourceVersion "1"]
[SourceVersionDate "2005.01.01"]
[SourceQuality "1"]
[WhiteTeam "SV Empor Berlin e.V."]
[BlackTeam "PSV/BSV Wuppertal 1921 e.V."]
[WhiteTeamCountry "GER"]
[BlackTeamCountry "GER"]

1. d4 Nf6 2. Nf3 g6 3. c4 Bg7 4. Nc3 O-O 5. e4 d6 6. Be2 e5 7. O-O Nc6 8. d5
Ne7 9. b4 a5 10. bxa5 c5 11. Rb1 Rxa5 12. Rb3 Ra6 13. a3 Ne8 14. Nb5 Kh8 15.
Bb2 Nc7 16. Nd2 Nxb5 17. cxb5 Ra8 18. Nc4 f5 19. f4 fxe4 20. fxe5 Rxf1+ 21.
Bxf1 dxe5 22. d6 Be6 23. Bxe5 Nf5 24. Bxg7+ Kxg7 25. Qa1+ Qf6 26. Qxf6+ Kxf6
27. Rc3 Bxc4 28. Bxc4 Nxd6 29. Be2 b6 30. g4 Ke5 31. Kf2 Kd4 32. Rh3 e3+ 33.
Kg2 Rf8 34. Bf3 Nc4 35. Rxh7 Ne5 36. Bd1 Rf2+ 37. Kg3 e2 38. Bxe2 Rxe2 39. Rb7
c4 0-1

[Event "Bundesliga 9596"]
[Site "Deutschland"]
[Date "1996.??.??"]
[Round "?.3"]
[White "Kinsman, Andrew PH"]
[Black "Luther, Thomas"]
[Result "1-0"]
[WhiteElo "2365"]
[BlackElo "2535"]
[PlyCount "85"]
[EventDate "1995.10.??"]
[EventType "team"]
[EventRounds "15"]
[EventCountry "GER"]
[SourceTitle "Bundesliga 9596"]
[Source "DeepChess"]
[SourceDate "2005.01.01"]
[SourceVersion "1"]
[SourceVersionDate "2005.01.01"]
[SourceQuality "1"]
[WhiteTeam "PSV/BSV Wuppertal 1921 e.V."]
[BlackTeam "SV Empor Berlin e.V."]
[WhiteTeamCountry "GER"]
[BlackTeamCountry "GER"]

1. d4 e6 2. c4 Nf6 3. Nf3 d5 4. Nc3 c6 5. Bg5 h6 6. Bxf6 Qxf6 7. e3 Nd7 8. Bd3
dxc4 9. Bxc4 g6 10. O-O Qe7 11. e4 Bg7 12. a3 O-O 13. Qc2 e5 14. d5 Nb6 15. Ba2
Bg4 16. Nd2 Rac8 17. Nc4 Nxc4 18. Bxc4 Qg5 19. Qc1 Bf6 20. Qxg5 Bxg5 21. h3 Bd7
22. Rfd1 Rfd8 23. Kf1 Kf8 24. Ke2 Be8 25. dxc6 Bxc6 26. Rxd8+ Bxd8 27. Rd1 Bb6
28. b3 a6 29. Nd5 Bd4 30. f4 b5 31. fxe5 Bxe5 32. Bd3 Be8 33. Rb1 a5 34. Kd2
Bd6 35. b4 axb4 36. axb4 h5 37. Rc1 Ra8 38. Rc2 Ra1 39. Rc8 Ra2+ 40. Ke3 Ra3
41. Kd2 Ra2+ 42. Kc1 Ra1+ 43. Kc2 1-0

[Event "Bundesliga 9596"]
[Site "Deutschland"]
[Date "1996.??.??"]
[Round "?.4"]
[White "Boensch, Uwe"]
[Black "Schiffer, Kai Uwe"]
[Result "0-1"]
[WhiteElo "2550"]
[BlackElo "2325"]
[PlyCount "94"]
[EventDate "1995.10.??"]
[EventType "team"]
[EventRounds "15"]
[EventCountry "GER"]
[SourceTitle "Bundesliga 9596"]
[Source "DeepChess"]
[SourceDate "2005.01.01"]
[SourceVersion "1"]
[SourceVersionDate "2005.01.01"]
[SourceQuality "1"]
[WhiteTeam "SV Empor Berlin e.V."]
[BlackTeam "PSV/BSV Wuppertal 1921 e.V."]
[WhiteTeamCountry "GER"]
[BlackTeamCountry "GER"]

1. d4 d5 2. c4 e6 3. Nf3 c5 4. cxd5 exd5 5. g3 Nf6 6. Bg2 Be7 7. O-O O-O 8.
dxc5 Bxc5 9. Nbd2 Nc6 10. Nb3 Bb6 11. Nbd4 Re8 12. b3 Bg4 13. Bb2 Ne4 14. Nxc6
bxc6 15. Qc2 Rc8 16. Rad1 Qd6 17. Nd4 Ng5 18. f3 Bd7 19. Kh1 Qh6 20. Nf5 Qg6
21. e4 Bxf5 22. exf5 Qh5 23. f6 g6 24. Bd4 c5 25. Bg1 d4 26. h4 h6 27. f4 Nh7
28. f5 g5 29. Bf3 g4 30. Bb7 Rc7 31. Bg2 Nxf6 32. b4 cxb4 33. Qa4 Rc3 34. Bf2
Re2 35. Qb5 Rxf2 36. Rxf2 Rxg3 37. Rd3 Qxh4+ 38. Kg1 Re3 39. Bf1 Ne4 40. Qe8+
Kg7 41. Qe5+ Qf6 42. Qxf6+ Kxf6 43. Rf4 Kg5 44. Rxe3 Kxf4 45. Rb3 d3+ 46. Kg2
d2 47. Be2 a5 0-1

[Event "Bundesliga 9596"]
[Site "Deutschland"]
[Date "1996.??.??"]
[Round "?.5"]
[White "Fischdick, Gisela"]
[Black "Tischbierek, Raj"]
[Result "0-1"]
[WhiteElo "2300"]
[BlackElo "2490"]
[PlyCount "92"]
[EventDate "1995.10.??"]
[EventType "team"]
[EventRounds "15"]
[EventCountry "GER"]
[SourceTitle "Bundesliga 9596"]
[Source "DeepChess"]
[SourceDate "2005.01.01"]
[SourceVersion "1"]
[SourceVersionDate "2005.01.01"]
[SourceQuality "1"]
[WhiteTeam "PSV/BSV Wuppertal 1921 e.V."]
[BlackTeam "SV Empor Berlin e.V."]
[WhiteTeamCountry "GER"]
[BlackTeamCountry "GER"]

1. d4 d6 2. e4 g6 3. Nf3 Nf6 4. Nc3 Bg7 5. Be2 O-O 6. O-O c6 7. h3 Nbd7 8. Bf4
Qa5 9. a3 e5 10. Bh2 Re8 11. dxe5 dxe5 12. b4 Qc7 13. Bc4 Nh5 14. Ng5 Re7 15.
Qd2 h6 16. Nf3 Nf8 17. Rfd1 Be6 18. Bf1 a5 19. Qe3 Rd7 20. Rdb1 Rdd8 21. b5 Nd7
22. b6 Qd6 23. Rd1 Qe7 24. Na4 g5 25. Nd2 Nf4 26. Nc4 Bf8 27. Nd6 Rab8 28. Nc4
Nc5 29. Nab2 Bxc4 30. Nxc4 a4 31. Bg3 f6 32. Rab1 Rxd1 33. Rxd1 Rd8 34. Rxd8
Qxd8 35. Qd2 Qxd2 36. Nxd2 Nd7 37. Bxf4 exf4 38. Nc4 Bc5 39. Na5 Nxb6 40. Nxb7
Bxa3 41. Na5 Bc5 42. Nc4 Nc8 43. Nb2 a3 44. Na4 Bd4 45. Bc4+ Kg7 46. c3 Ba7 0-1

[Event "Bundesliga 9596"]
[Site "Deutschland"]
[Date "1996.??.??"]
[Round "?.6"]
[White "Volke, Karsten"]
[Black "Florath, Patrick"]
[Result "1-0"]
[WhiteElo "2470"]
[BlackElo "2275"]
[PlyCount "81"]
[EventDate "1995.10.??"]
[EventType "team"]
[EventRounds "15"]
[EventCountry "GER"]
[SourceTitle "Bundesliga 9596"]
[Source "DeepChess"]
[SourceDate "2005.01.01"]
[SourceVersion "1"]
[SourceVersionDate "2005.01.01"]
[SourceQuality "1"]
[WhiteTeam "SV Empor Berlin e.V."]
[BlackTeam "PSV/BSV Wuppertal 1921 e.V."]
[WhiteTeamCountry "GER"]
[BlackTeamCountry "GER"]

1. d4 e6 2. Nf3 d5 3. c4 Nf6 4. Bg5 Be7 5. Nc3 O-O 6. Qc2 Nbd7 7. O-O-O c6 8.
e4 Nxe4 9. Nxe4 dxe4 10. Bxe7 Qxe7 11. Qxe4 Nf6 12. Qh4 Rd8 13. Bd3 g6 14. Rhe1
Kg7 15. Re3 Ng8 16. Qf4 Qd6 17. Qg5 h6 18. Qa5 Nf6 19. Ne5 b6 20. Qd2 Bd7 21.
Rh3 Rh8 22. Rxh6 Qe7 23. Rxh8 Rxh8 24. h3 Rd8 25. Qc3 Be8 26. Bc2 Kg8 27. g4 c5
28. f4 cxd4 29. Rxd4 Rxd4 30. Qxd4 Qb4 31. Nd3 Qe7 32. a3 Bc6 33. Ne5 Bg2 34.
Qd3 Be4 35. Qe3 Bb7 36. h4 Qd6 37. Kb1 Qe7 38. Qd4 Ne8 39. h5 gxh5 40. gxh5 Nd6
41. h6 1-0

[Event "Bundesliga 9596"]
[Site "Deutschland"]
[Date "1996.??.??"]
[Round "?.7"]
[White "Sukharisingh, Ralf"]
[Black "Muse, Mladen"]
[Result "0-1"]
[WhiteElo "2305"]
[BlackElo "2420"]
[PlyCount "58"]
[EventDate "1995.10.??"]
[EventType "team"]
[EventRounds "15"]
[EventCountry "GER"]
[SourceTitle "Bundesliga 9596"]
[Source "DeepChess"]
[SourceDate "2005.01.01"]
[SourceVersion "1"]
[SourceVersionDate "2005.01.01"]
[SourceQuality "1"]
[WhiteTeam "PSV/BSV Wuppertal 1921 e.V."]
[BlackTeam "SV Empor Berlin e.V."]
[WhiteTeamCountry "GER"]
[BlackTeamCountry "GER"]

1. d4 Nf6 2. Nf3 g6 3. c4 Bg7 4. Nc3 O-O 5. e4 d6 6. Be2 e5 7. d5 Nbd7 8. O-O
Nc5 9. Qc2 a5 10. Bg5 Bd7 11. Nd2 h6 12. Be3 h5 13. b3 Ng4 14. Bxg4 hxg4 15. a3
f5 16. b4 Na6 17. f3 f4 18. Bf2 axb4 19. axb4 Nxb4 20. Qb3 Nd3 21. fxg4 Bxg4
22. Qxb7 Rxa1 23. Rxa1 Nxf2 24. Kxf2 Qh4+ 25. Kg1 f3 26. Nxf3 Bxf3 27. gxf3
Rxf3 28. Qb2 Qg4+ 29. Kh1 Qh3 0-1

[Event "Bundesliga 9596"]
[Site "Deutschland"]
[Date "1996.??.??"]
[Round "?.8"]
[White "Poldauf, Dirk"]
[Black "Kistella, Roman"]
[Result "1-0"]
[WhiteElo "2430"]
[BlackElo "2255"]
[PlyCount "77"]
[EventDate "1995.10.??"]
[EventType "team"]
[EventRounds "15"]
[EventCountry "GER"]
[SourceTitle "Bundesliga 9596"]
[Source "DeepChess"]
[SourceDate "2005.01.01"]
[SourceVersion "1"]
[SourceVersionDate "2005.01.01"]
[SourceQuality "1"]
[WhiteTeam "SV Empor Berlin e.V."]
[BlackTeam "PSV/BSV Wuppertal 1921 e.V."]
[WhiteTeamCountry "GER"]
[BlackTeamCountry "GER"]

1. c4 e6 2. g3 d5 3. Bg2 Nf6 4. Nf3 Be7 5. O-O O-O 6. d4 c5 7. cxd5 exd5 8. Nc3
Nc6 9. Bg5 cxd4 10. Nxd4 h6 11. Be3 Re8 12. Rc1 Bg4 13. Qa4 Qd7 14. Rfd1 Bh3
15. Bh1 a6 16. Rd2 b5 17. Qd1 Ne5 18. b3 Bb4 19. Rdc2 Rad8 20. Nb1 Bd6 21. Bf4
Nfg4 22. e3 g5 23. Bxe5 Nxe5 24. Nc3 Bg4 25. Qf1 Bf8 26. Nxd5 Bg7 27. Nc7 Re7
28. Nxa6 Qa7 29. Nc5 Rxd4 30. exd4 Nf3+ 31. Bxf3 Bxf3 32. Qd3 g4 33. h3 h5 34.
d5 Re5 35. d6 Rd5 36. Qxb5 Rxd6 37. Nd3 Rd5 38. Rc8+ Kh7 39. R8c5 1-0

[Event "Bundesliga 9596"]
[Site "Deutschland"]
[Date "1995.??.??"]
[Round "?.1"]
[White "Emms, John M"]
[Black "Horvath, Tamas"]
[Result "1/2-1/2"]
[WhiteElo "2485"]
[BlackElo "2425"]
[PlyCount "59"]
[EventDate "1995.10.??"]
[EventType "team"]
[EventRounds "15"]
[EventCountry "GER"]
[SourceTitle "Bundesliga 9596"]
[Source "DeepChess"]
[SourceDate "2005.01.01"]
[SourceVersion "1"]
[SourceVersionDate "2005.01.01"]
[SourceQuality "1"]
[WhiteTeam "PSV/BSV Wuppertal 1921 e.V."]
[BlackTeam "SV Tuebingen 1870 e.V."]
[WhiteTeamCountry "GER"]
[BlackTeamCountry "GER"]

1. e4 c5 2. Nf3 e6 3. c3 d5 4. exd5 Qxd5 5. d4 Nf6 6. Be3 Ng4 7. Nbd2 Nxe3 8.
fxe3 Be7 9. Bd3 Nd7 10. O-O O-O 11. Qc2 g6 12. Nc4 Bf6 13. e4 Qc6 14. e5 Be7
15. Qd2 b5 16. Ne3 cxd4 17. cxd4 Qb6 18. Be4 Bb7 19. Bxb7 Qxb7 20. d5 Bc5 21.
Kh1 Bxe3 22. Qxe3 Qxd5 23. Rad1 Qc5 24. Qg5 f6 25. exf6 Qxg5 26. Nxg5 Rxf6 27.
Rxf6 Nxf6 28. Nxe6 Rc8 29. h3 h6 30. b4 1/2-1/2

[Event "Bundesliga 9596"]
[Site "Deutschland"]
[Date "1995.??.??"]
[Round "?.3"]
[White "Schebler, Gerhard"]
[Black "Kraut, Rainer"]
[Result "0-1"]
[WhiteElo "2350"]
[BlackElo "2415"]
[PlyCount "78"]
[EventDate "1995.10.??"]
[EventType "team"]
[EventRounds "15"]
[EventCountry "GER"]
[SourceTitle "Bundesliga 9596"]
[Source "DeepChess"]
[SourceDate "2005.01.01"]
[SourceVersion "1"]
[SourceVersionDate "2005.01.01"]
[SourceQuality "1"]
[WhiteTeam "PSV/BSV Wuppertal 1921 e.V."]
[BlackTeam "SV Tuebingen 1870 e.V."]
[WhiteTeamCountry "GER"]
[BlackTeamCountry "GER"]

1. d4 d5 2. Nf3 Nf6 3. c4 dxc4 4. Nc3 Nc6 5. e4 Bg4 6. Be3 e6 7. Bxc4 Bb4 8.
Qc2 O-O 9. Rd1 Qe7 10. Be2 Rfd8 11. O-O Ba5 12. Na4 Bb6 13. Nxb6 axb6 14. a3
Bh5 15. e5 Nd5 16. Bg5 f6 17. exf6 gxf6 18. Bc1 Qg7 19. Kh1 Kh8 20. Nh4 Bxe2
21. Qxe2 Qf7 22. Rfe1 Rd6 23. Rd3 Nde7 24. Be3 Rad8 25. Red1 Rd5 26. g4 Ng6 27.
Ng2 Qd7 28. R3d2 Qd6 29. Qf3 Qe7 30. h4 Qf7 31. h5 Nge7 32. Nf4 R5d6 33. Nh3
Qf8 34. Kh2 Nd5 35. Kh1 Nde7 36. Kh2 Nd5 37. Kh1 e5 38. dxe5 Nxe5 39. Qe4 Nxe3
$138 0-1

[Event "Bundesliga 9596"]
[Site "Deutschland"]
[Date "1995.??.??"]
[Round "?.4"]
[White "Zeller, Frank"]
[Black "Hausrath, Daniel"]
[Result "1-0"]
[WhiteElo "2400"]
[BlackElo "2370"]
[PlyCount "65"]
[EventDate "1995.10.??"]
[EventType "team"]
[EventRounds "15"]
[EventCountry "GER"]
[SourceTitle "Bundesliga 9596"]
[Source "DeepChess"]
[SourceDate "2005.01.01"]
[SourceVersion "1"]
[SourceVersionDate "2005.01.01"]
[SourceQuality "1"]
[WhiteTeam "SV Tuebingen 1870 e.V."]
[BlackTeam "PSV/BSV Wuppertal 1921 e.V."]
[WhiteTeamCountry "GER"]
[BlackTeamCountry "GER"]

1. e4 c5 2. Nf3 Nc6 3. d4 cxd4 4. Nxd4 Nf6 5. Nc3 e5 6. Ndb5 d6 7. Bg5 a6 8.
Na3 Be6 9. Nc4 Rc8 10. Be2 Nd4 11. Bxf6 gxf6 12. Ne3 Bh6 13. Bd3 Rg8 14. O-O
Bxe3 15. fxe3 Bg4 16. Qc1 Ne6 17. Nd5 Rg6 18. Qe1 Bh3 19. Rf2 Nc5 20. Qb4 Be6
21. Raf1 Bxd5 22. exd5 Rh6 23. Bf5 Rc7 24. Qg4 Ke7 25. b4 Nd7 26. c4 b6 27. Rf3
b5 28. c5 dxc5 29. Qg7 Rh4 30. Bxd7 Kxd7 31. d6 Rc6 32. Rxf6 Kc8 33. Rxf7 1-0

[Event "Bundesliga 9596"]
[Site "Deutschland"]
[Date "1995.??.??"]
[Round "?.5"]
[White "Schiffer, Kai Uwe"]
[Black "Hess, Ralf"]
[Result "1-0"]
[WhiteElo "2325"]
[BlackElo "2400"]
[PlyCount "107"]
[EventDate "1995.10.??"]
[EventType "team"]
[EventRounds "15"]
[EventCountry "GER"]
[SourceTitle "Bundesliga 9596"]
[Source "DeepChess"]
[SourceDate "2005.01.01"]
[SourceVersion "1"]
[SourceVersionDate "2005.01.01"]
[SourceQuality "1"]
[WhiteTeam "PSV/BSV Wuppertal 1921 e.V."]
[BlackTeam "SV Tuebingen 1870 e.V."]
[WhiteTeamCountry "GER"]
[BlackTeamCountry "GER"]

1. d4 Nf6 2. c4 e6 3. Nf3 c5 4. d5 exd5 5. cxd5 d6 6. Nc3 g6 7. e4 Bg7 8. h3
O-O 9. Bd3 Na6 10. O-O Nc7 11. a4 b6 12. Re1 Nd7 13. Bc4 a6 14. Qd3 Ra7 15. Bg5
f6 16. Be3 Ne8 17. Rab1 Kh8 18. b4 f5 19. Bg5 Qc7 20. b5 fxe4 21. Nxe4 axb5 22.
Bxb5 Ne5 23. Nxe5 Bxe5 24. f4 Bd4+ 25. Kh2 Ng7 26. g4 Bb7 27. Ng3 Bxd5 28. Re7
Qb8 29. Rxa7 Qxa7 30. Ne2 Qb7 31. Nxd4 Be4 32. Qd2 Bxb1 33. Nc6 Qc7 34. Be7 Rc8
35. Bxd6 Qf7 36. Ne5 Qa2 37. Qxa2 Bxa2 38. Bd7 Ra8 39. Bc6 Rd8 40. Bc7 Rd2+ 41.
Kg3 Rb2 42. Bb5 Bd5 43. Bxb6 Rg2+ 44. Kh4 Ne6 45. f5 gxf5 46. gxf5 Nd4 47. Bd7
Nb3 48. Bc7 Kg7 49. Ng4 Nd4 50. f6+ Kf7 51. Bd8 Re2 52. Be7 c4 53. Nh6+ Kg6 54.
Be8+ 1-0

[Event "Bundesliga 9596"]
[Site "Deutschland"]
[Date "1995.??.??"]
[Round "?.6"]
[White "Werner, Marc"]
[Black "Kern, Guido"]
[Result "1/2-1/2"]
[WhiteElo "2365"]
[BlackElo "2365"]
[PlyCount "105"]
[EventDate "1995.10.??"]
[EventType "team"]
[EventRounds "15"]
[EventCountry "GER"]
[SourceTitle "Bundesliga 9596"]
[Source "DeepChess"]
[SourceDate "2005.01.01"]
[SourceVersion "1"]
[SourceVersionDate "2005.01.01"]
[SourceQuality "1"]
[WhiteTeam "SV Tuebingen 1870 e.V."]
[BlackTeam "PSV/BSV Wuppertal 1921 e.V."]
[WhiteTeamCountry "GER"]
[BlackTeamCountry "GER"]

1. e4 c5 2. Nf3 Nc6 3. d4 cxd4 4. Nxd4 Nf6 5. Nc3 e5 6. Ndb5 d6 7. Bg5 a6 8.
Na3 Be6 9. Nc4 Rc8 10. Bxf6 Qxf6 11. Nb6 Rb8 12. Bd3 Qd8 13. Nbd5 Be7 14. O-O
Bg5 15. Kh1 O-O 16. a4 Ne7 17. Bc4 Rc8 18. Qd3 Nxd5 19. Bxd5 Qb6 20. Ra2 Qd4
21. Kg1 Qxd3 22. cxd3 Bd2 23. Bxe6 fxe6 24. Ra3 Rf7 25. Rd1 Bg5 26. Kf1 Be3 27.
f3 g5 28. Ke2 Bc5 29. Rb3 b6 30. Na2 g4 31. Rf1 gxf3+ 32. Rxf3 Rxf3 33. gxf3
Kf7 34. Nb4 Bd4 35. Kd2 Rg8 36. Nc2 Rg2+ 37. Kd1 Bc5 38. d4 exd4 39. Rd3 a5 40.
Rd2 Rg1+ 41. Ke2 Rb1 42. Nxd4 Bxd4 43. Rxd4 Rxb2+ 44. Ke3 Ke7 45. e5 dxe5 46.
Rh4 Rb3+ 47. Ke2 Kd6 48. Rxh7 Kc5 49. Rh4 Kd5 50. h3 Rc3 51. Re4 Rc2+ 52. Ke3
Rh2 53. h4 1/2-1/2

[Event "Bundesliga 9596"]
[Site "Deutschland"]
[Date "1995.??.??"]
[Round "?.7"]
[White "Sukharisingh, Ralf"]
[Black "Frick, Christoph"]
[Result "1-0"]
[WhiteElo "2305"]
[BlackElo "2285"]
[PlyCount "99"]
[EventDate "1995.10.??"]
[EventType "team"]
[EventRounds "15"]
[EventCountry "GER"]
[SourceTitle "Bundesliga 9596"]
[Source "DeepChess"]
[SourceDate "2005.01.01"]
[SourceVersion "1"]
[SourceVersionDate "2005.01.01"]
[SourceQuality "1"]
[WhiteTeam "PSV/BSV Wuppertal 1921 e.V."]
[BlackTeam "SV Tuebingen 1870 e.V."]
[WhiteTeamCountry "GER"]
[BlackTeamCountry "GER"]

1. d4 Nc6 2. Nf3 d5 3. c4 e5 4. Nxe5 Nxe5 5. dxe5 d4 6. g3 Be6 7. Bg2 c6 8. Qa4
Qd7 9. Nd2 Ne7 10. O-O Nc8 11. Nf3 Nb6 12. Qd1 Bxc4 13. Qxd4 Bxe2 14. Re1 Bxf3
15. Qxd7+ Nxd7 16. Bxf3 Nc5 17. Be2 Ne6 18. Be3 Bc5 19. Bxc5 Nxc5 20. f4 Ke7
21. Rac1 Ne6 22. Red1 Rhd8 23. Kf2 a5 24. Ke3 Rxd1 25. Rxd1 Rd8 26. f5 Rxd1 27.
Bxd1 Nc7 28. Kd4 Nd5 29. Bb3 Nb6 30. g4 f6 31. Be6 fxe5+ 32. Kxe5 Na4 33. b3
Nc3 34. a4 b6 35. g5 Na2 36. f6+ gxf6+ 37. gxf6+ Kf8 38. Kd6 Nb4 39. Kc7 b5 40.
Kb6 bxa4 41. bxa4 c5 42. Kxa5 Nd3 43. Kb5 Ke8 44. a5 Nf4 45. Bc4 Kd7 46. Kxc5
Kc7 47. a6 Ng6 48. Bd5 Nf8 49. a7 Nd7+ 50. Kd4 1-0

[Event "Bundesliga 9596"]
[Site "Deutschland"]
[Date "1995.??.??"]
[Round "?.8"]
[White "Loseries, Uwe"]
[Black "Kistella, Roman"]
[Result "1-0"]
[WhiteElo "2136"]
[BlackElo "2260"]
[PlyCount "61"]
[EventDate "1995.10.??"]
[EventType "team"]
[EventRounds "15"]
[EventCountry "GER"]
[SourceTitle "Bundesliga 9596"]
[Source "DeepChess"]
[SourceDate "2005.01.01"]
[SourceVersion "1"]
[SourceVersionDate "2005.01.01"]
[SourceQuality "1"]
[WhiteTeam "SV Tuebingen 1870 e.V."]
[BlackTeam "PSV/BSV Wuppertal 1921 e.V."]
[WhiteTeamCountry "GER"]
[BlackTeamCountry "GER"]

1. c4 Nf6 2. d4 g6 3. Nc3 Bg7 4. e4 d6 5. Nf3 O-O 6. Be2 e5 7. O-O exd4 8. Nxd4
Re8 9. f3 Nc6 10. Be3 Nh5 11. Qd2 Nf4 12. Rfd1 Nxd4 13. Bxd4 Nxe2+ 14. Nxe2 Be6
15. Rac1 a5 16. b3 b6 17. a3 Bd7 18. Nc3 Bc6 19. Rc2 Bb7 20. Rdc1 Be5 21. Bxe5
Rxe5 22. Qf2 Qd7 23. Rd1 Qc6 24. Nd5 Kg7 25. Qd4 f6 26. Nxf6 Kxf6 27. f4 Qxe4
28. fxe5+ dxe5 29. Rf2+ Kg7 30. Qd7+ Kh8 31. Qe7 1-0

[Event "Bundesliga 9596"]
[Site "Deutschland"]
[Date "1995.??.??"]
[Round "?.1"]
[White "Pfleger, Helmut"]
[Black "Hracek, Zbynek"]
[Result "1/2-1/2"]
[WhiteElo "2490"]
[BlackElo "2635"]
[PlyCount "91"]
[EventDate "1995.10.??"]
[EventType "team"]
[EventRounds "15"]
[EventCountry "GER"]
[SourceTitle "Bundesliga 9596"]
[Source "DeepChess"]
[SourceDate "2005.01.01"]
[SourceVersion "1"]
[SourceVersionDate "2005.01.01"]
[SourceQuality "1"]
[WhiteTeam "SC 1868 Bamberg e.V."]
[BlackTeam "SAbt SV Werder Bremen"]
[WhiteTeamCountry "GER"]
[BlackTeamCountry "GER"]

1. c4 e5 2. Nc3 Nf6 3. Nf3 Nc6 4. g3 Bc5 5. d3 h6 6. Bg2 d6 7. O-O a6 8. a3 O-O
9. b4 Ba7 10. e3 Be6 11. Bb2 Qd7 12. Qc2 Bh3 13. Rad1 Nd8 14. d4 exd4 15. Nxd4
Bxg2 16. Kxg2 Bxd4 17. Rxd4 Ne6 18. Rh4 Qc6+ 19. f3 d5 20. Qf5 Rfd8 21. Rxh6 d4
22. Ne4 Nxe4 23. Qh7+ Kf8 24. fxe4 Qxc4 25. Qf5 Nf4+ 26. Qxf4 gxh6 27. Qxh6+
Ke8 28. Bxd4 Kd7 29. Qh7 Kc8 30. Rxf7 Kb8 31. Qf5 b6 32. h4 Kb7 33. h5 a5 34.
b5 a4 35. h6 Ra5 36. h7 Rxb5 37. e5 Ka6 38. Qf1 Qc2+ 39. Qf2 Qe4+ 40. Qf3 Qc2+
41. Kh3 Rh8 42. e4 Qc4 43. Qf6 Rxh7+ 44. Rxh7 Qxd4 45. Rxc7 Qxe4 46. Qf4
1/2-1/2

[Event "Bundesliga 9596"]
[Site "Deutschland"]
[Date "1995.??.??"]
[Round "?.2"]
[White "Kindermann, Stefan"]
[Black "Pribyl, Martin"]
[Result "1/2-1/2"]
[WhiteElo "2565"]
[BlackElo "2390"]
[PlyCount "121"]
[EventDate "1995.10.??"]
[EventType "team"]
[EventRounds "15"]
[EventCountry "GER"]
[SourceTitle "Bundesliga 9596"]
[Source "DeepChess"]
[SourceDate "2005.01.01"]
[SourceVersion "1"]
[SourceVersionDate "2005.01.01"]
[SourceQuality "1"]
[WhiteTeam "SAbt SV Werder Bremen"]
[BlackTeam "SC 1868 Bamberg e.V."]
[WhiteTeamCountry "GER"]
[BlackTeamCountry "GER"]

1. e4 e5 2. Nf3 Nc6 3. Bb5 a6 4. Ba4 Nf6 5. O-O Nxe4 6. d4 b5 7. Bb3 d5 8. dxe5
Be6 9. Nbd2 Bc5 10. a4 Rb8 11. axb5 axb5 12. Nxe4 dxe4 13. Bxe6 Qxd1 14. Rxd1
fxe6 15. Ng5 O-O 16. Nxe4 Bb6 17. Kf1 Rf5 18. f3 Rxe5 19. c3 Rf8 20. Re1 h6 21.
Bd2 Na5 22. Ng3 Rd5 23. Be3 Nb3 24. Ra2 Bxe3 25. Rxe3 Rd1+ 26. Re1 Rfd8 27. Ne4
Nd2+ 28. Ke2 Rxe1+ 29. Kxe1 Nxe4 30. fxe4 b4 31. Ke2 bxc3 32. bxc3 Kf7 33. Ra7
Rd7 34. Ke3 e5 35. Ra6 Ke7 36. Rc6 Kf7 37. g4 Ke7 38. h4 Kf7 39. g5 hxg5 40.
hxg5 Ke7 41. Kf3 Rd3+ 42. Kg4 Kd7 43. Rg6 Rxc3 44. Rxg7+ Kd6 45. Rf7 Re3 46.
Rf6+ Kc5 47. g6 Rxe4+ 48. Kf5 Re1 49. g7 Rf1+ 50. Kxe5 Rg1 51. Rf5 Rxg7 52.
Kf6+ Kd4 53. Kxg7 c5 54. Kf6 c4 55. Rf4+ Kd5 56. Kf5 c3 57. Rf1 Kd4 58. Rc1 Kd3
59. Ke5 c2 60. Rh1 Kd2 61. Kd4 1/2-1/2